| 000 | 011320000a22002170004500 | ||
|---|---|---|---|
| 020 | _a0-567-09351-4 | ||
| 082 | 0 | 4 | _aG 230.01 V945a |
| 100 | 1 | _aRiches, John., (Editor) | |
| 245 | 1 | 0 | _aThe analogy of beauty : The theology of Hans Urs von Balthasar / John Riches (Editor) |
| 260 | _aEdinburgh, Scotland : T. & T. Clark | ||
| 300 | _a239 páginas | ||
| 501 | _aPasta dura | ||
| 505 | 0 | 0 | _aLa teología de Hans Urs von Balthasar - Una teología de belleza - Balthasar y Rahner - Balthasar y el análisis de la fe - Balthasar sobre Goethe - Identidad y analogía: Balthasar sobre Hölderlin y Hanamm - María y Pedro en la constelación cristológica: La eclesiología de Balthasar - El exegeta como iconógrafo: Balthasar y los evangelios - El papel de Heart of the World en la teología de Hans Urs von Balthasar - Algunas reflexiones sobre la cristología de Hans Urs von Balthasar |
| 600 | 1 | 4 | _aVon Balthasar, Hans Urs |
| 650 | 1 | 4 | _aTeología Cristiana \ Fe - Cristología |
| 001 | 19083 | ||
| 942 | _cBK | ||
| 999 |
_c45458 _d45458 |
||
| 336 |
_atexto _btxt _2rdacontent |
||
| 337 |
_2rdamedia _asin mediación _bn |
||
| 338 |
_2rdacarrier _avolumen _bnc |
||